[Event "Russian Championship B17 1st league 2016"]
[Site "Loo"]
[Date "2016.04.21"]
[Round "2.4"]
[White "Postnikov, Artem"]
[Black "Lilov, Aleksandr"]
[Result "1-0"]
[WhiteElo "2147"]
[BlackElo "1935"]
[PlyCount "63"]
[EventDate "2016.04.20"]

1. e4 e5 2. Nf3 Nc6 3. Bb5 f5 4. Nc3 fxe4 5. Nxe4 d5 6. Nxe5 dxe4 7. Nxc6 Qg5
8. Qe2 Nf6 9. f4 Qxf4 10. Nxa7+ Bd7 11. Bxd7+ Nxd7 12. Nb5 O-O-O 13. Nc3 Bd6
14. g3 Qh6 15. O-O Bc5+ 16. Kh1 Rhe8 17. d4 exd3 18. Qxe8 d2 19. Bxd2 Qxd2 20.
Qe2 Qd6 21. Rad1 Qb6 22. b3 Bd4 23. Na4 Qb4 24. a3 Qd6 25. Qg4 c5 26. c3 Qd5+
27. Qf3 Qxb3 28. cxd4 Qxa4 29. dxc5 Nxc5 30. Qf5+ Nd7 31. Rc1+ Kb8 32. Qf4+ 1-0

[Event "Russian Championship B17 1st league 2016"]
[Site "Loo"]
[Date "2016.04.21"]
[Round "2.5"]
[White "Ovsyanyuk, Dmitriy"]
[Black "Tokmashov, Maxim"]
[Result "1-0"]
[WhiteElo "1928"]
[BlackElo "2145"]
[PlyCount "101"]
[EventDate "2016.04.20"]

1. e4 c6 2. d4 d5 3. exd5 cxd5 4. Bd3 Nf6 5. c3 g6 6. h3 Bg7 7. Bf4 Nc6 8. Nf3
O-O 9. Nbd2 Bf5 10. Bxf5 gxf5 11. Ne5 e6 12. g4 Ne4 13. Nxe4 fxe4 14. g5 f6 15.
Nxc6 bxc6 16. gxf6 Qxf6 17. Bg3 e3 18. fxe3 Qg5 19. Bf4 Qh4+ 20. Kd2 c5 21. Qe1
Qh5 22. Qg3 Rf6 23. Rag1 Rg6 24. Qh2 cxd4 25. cxd4 Rc8 26. Rxg6 Qxg6 27. Rc1
Rxc1 28. Kxc1 Qd3 29. Qc2 Qf1+ 30. Kd2 Qg2+ 31. Kd3 Qf1+ 32. Kd2 Qg2+ 33. Kc3
Qxh3 34. Qa4 Qh5 35. Qd7 Qd1 36. Qc7 Bf8 37. a3 h5 38. b4 Qc1+ 39. Kb3 Qb1+ 40.
Ka4 Qd1+ 41. Ka5 Qb3 42. Qc1 h4 43. b5 Bxa3 44. Qc8+ Kf7 45. Qd7+ Kf6 46. Qh7
h3 47. Qxh3 Qc3+ 48. Ka6 Be7 49. Qh6+ Kf7 50. Qh5+ Kf6 51. Be5# 1-0

[Event "Russian Championship B17 1st league 2016"]
[Site "Loo"]
[Date "2016.04.21"]
[Round "2.6"]
[White "Rozmanov, Aleksandr"]
[Black "Gitelson, Arkady"]
[Result "0-1"]
[WhiteElo "1927"]
[BlackElo "2123"]
[PlyCount "56"]
[EventDate "2016.04.20"]

1. e4 c5 2. Nf3 Nc6 3. d4 cxd4 4. Nxd4 e5 5. Nxc6 bxc6 6. Nd2 Nf6 7. Bd3 Be7 8.
O-O O-O 9. Qe2 d6 10. c4 Rb8 11. b3 a5 12. a3 Nd7 13. Bb2 Nc5 14. Bc2 Bg5 15.
Rfd1 Qc7 16. Nf3 Bf4 17. g3 Bh6 18. Rxd6 Qxd6 19. Bxe5 Qe7 20. Bxb8 Bg4 21. Bf4
Bxf4 22. gxf4 Qf6 23. e5 Qxf4 24. Bd1 Nxb3 25. Bxb3 Bxf3 26. Qb2 Qg4+ 27. Kf1
Qg2+ 28. Ke1 Rd8 0-1

[Event "Russian Championship B17 1st league 2016"]
[Site "Loo"]
[Date "2016.04.21"]
[Round "2.7"]
[White "Veligjanin, Andrey"]
[Black "Indzhiev, Aldar"]
[Result "0-1"]
[WhiteElo "1922"]
[BlackElo "2081"]
[PlyCount "62"]
[EventDate "2016.04.20"]

1. e4 c5 2. Nf3 d6 3. d4 cxd4 4. Nxd4 Nf6 5. Nc3 g6 6. Be3 Bg7 7. f3 O-O 8. Qd2
Nc6 9. g4 Nxd4 10. Bxd4 Be6 11. h4 Qa5 12. O-O-O Rfc8 13. a3 Rab8 14. h5 b5 15.
hxg6 hxg6 16. Nd5 Qxd2+ 17. Rxd2 Nxd5 18. Bxg7 Kxg7 19. exd5 Bd7 20. Rdh2 Kf6
21. Rh7 Rc5 22. g5+ Kxg5 23. Rxf7 Bf5 24. c3 Rxd5 25. Rg1+ Kf4 26. Rxg6 Rh8 27.
Re6 Kg3 28. Re1 e6 29. Rd1 Rxd1+ 30. Kxd1 Kf2 31. Bxb5 Ke3 0-1

[Event "Russian Championship B17 1st league 2016"]
[Site "Loo"]
[Date "2016.04.21"]
[Round "2.8"]
[White "Levenshtein, Mark"]
[Black "Dmitriev, Maksim"]
[Result "1/2-1/2"]
[WhiteElo "2062"]
[BlackElo "1919"]
[PlyCount "81"]
[EventDate "2016.04.20"]

1. Nf3 d5 2. g3 Nc6 3. Bg2 e5 4. O-O Be6 5. d4 exd4 6. Nxd4 Nxd4 7. Qxd4 c6 8.
Qa4 Nf6 9. Rd1 Qb6 10. Nc3 Qb4 11. Bg5 Qxa4 12. Nxa4 Be7 13. Nc3 h6 14. Bxf6
Bxf6 15. e4 Bxc3 16. exd5 Bxb2 17. Rab1 Bxd5 18. Bxd5 O-O-O 19. Bxf7 Rxd1+ 20.
Rxd1 Rd8 21. Rxd8+ Kxd8 22. Kg2 Ke7 23. Bb3 Kd6 24. f4 Kc5 25. Kf3 Kb4 26. Ke4
b5 27. Kd3 a5 28. Be6 Ka3 29. Bd7 Kxa2 30. Bxc6 b4 31. h4 Bf6 32. h5 Ka3 33. g4
a4 34. Ke4 b3 35. cxb3 axb3 36. Kf5 b2 37. Be4 Ka2 38. Kg6 Bc3 39. g5 hxg5 40.
fxg5 b1=Q 41. Bxb1+ 1/2-1/2

[Event "Russian Championship B17 1st league 2016"]
[Site "Loo"]
[Date "2016.04.21"]
[Round "2.9"]
[White "Kuzmin, Ivan"]
[Black "Isagov, Nariman"]
[Result "0-1"]
[WhiteElo "1858"]
[BlackElo "2057"]
[PlyCount "104"]
[EventDate "2016.04.20"]

1. d4 d6 2. Nf3 Nf6 3. Bf4 g6 4. h3 Bg7 5. e3 O-O 6. Be2 c5 7. c3 Qb6 8. Qb3
Nc6 9. O-O Re8 10. Bc4 Qxb3 11. axb3 cxd4 12. exd4 d5 13. Bb5 Bd7 14. Re1 a6
15. Bd3 Bf5 16. Bxf5 gxf5 17. Ne5 Rac8 18. Nd2 Nxe5 19. Bxe5 Ne4 20. Nxe4 fxe4
21. Bxg7 Kxg7 22. Ra5 e6 23. Kf1 f5 24. Ke2 Kf6 25. Ke3 Rg8 26. g3 h5 27. Kf4
h4 28. Raa1 hxg3 29. fxg3 Rg7 30. Re2 Rh8 31. Rh1 Rg4+ 32. hxg4 Rxh1 33. g5+
Kg6 34. c4 dxc4 35. bxc4 Rf1+ 36. Ke5 Kxg5 37. d5 exd5 38. cxd5 Kg4 39. Re3 Rf3
40. Kd4 Rxe3 41. Kxe3 Kg5 42. g4 fxg4 43. Kxe4 Kf6 44. Kf4 a5 45. Kxg4 Ke5 46.
d6 Kxd6 47. Kf4 Kd5 48. Ke3 Kc4 49. Kd2 Kb3 50. Kc1 Ka2 51. Kc2 b5 52. Kc1 b4
0-1

[Event "Russian Championship B17 1st league 2016"]
[Site "Loo"]
[Date "2016.04.21"]
[Round "2.10"]
[White "Nakonechny, Ignat"]
[Black "Zhuravlev, Stepan"]
[Result "1-0"]
[WhiteElo "1857"]
[BlackElo "2046"]
[PlyCount "73"]
[EventDate "2016.04.20"]

1. e4 e5 2. d4 exd4 3. Qxd4 Nc6 4. Qe3 Nf6 5. Nc3 Bb4 6. Bd2 O-O 7. O-O-O Re8
8. Bc4 d6 9. f3 Be6 10. Bxe6 Rxe6 11. Qf2 Ne5 12. Nge2 Re8 13. Bg5 h6 14. Bxf6
gxf6 15. Nd5 Bc5 16. Qh4 Kg7 17. Ng3 Rh8 18. Qf4 Ng6 19. Nh5+ Kf8 20. Qf5 Bb6
21. Ndxf6 Qc8 22. Nd7+ Ke7 23. Nxb6 axb6 24. Qf6+ Kf8 25. Qg7+ Ke7 26. e5 dxe5
27. Nf6 Rf8 28. Kb1 c6 29. Rd7+ Ke6 30. Rhd1 Kf5 31. Rxf7 Qe6 32. g4+ Kf4 33.
Nd5+ Kg5 34. h4+ Kxh4 35. Qxh6+ Kg3 36. Rg1+ Kf2 37. Qh2# 1-0

[Event "Russian Championship B17 1st league 2016"]
[Site "Loo"]
[Date "2016.04.21"]
[Round "2.11"]
[White "Kolmagorov, Alexey"]
[Black "Shastitko, Danil"]
[Result "1-0"]
[WhiteElo "2037"]
[BlackElo "1809"]
[PlyCount "47"]
[EventDate "2016.04.20"]

1. d4 Nf6 2. c4 e6 3. Nf3 d5 4. g3 dxc4 5. Bg2 c6 6. O-O b5 7. Ne5 Bb7 8. a4 a6
9. Nc3 Nd5 10. e4 Nxc3 11. bxc3 Nd7 12. f4 Nxe5 13. fxe5 Qc7 14. Qh5 b4 15. Ra2
g6 16. Qf3 h5 17. Bh3 Qd7 18. Raf2 Rh7 19. Bg5 b3 20. a5 c5 21. d5 Be7 22. Bxe6
Qc7 23. Bxf7+ Kd8 24. d6 1-0

[Event "Russian Championship B17 1st league 2016"]
[Site "Loo"]
[Date "2016.04.21"]
[Round "2.12"]
[White "Maximov, Kirill"]
[Black "Tyatyushkin, Danil"]
[Result "1/2-1/2"]
[WhiteElo "1844"]
[BlackElo "2028"]
[PlyCount "90"]
[EventDate "2016.04.20"]

1. e4 e5 2. Nf3 Nc6 3. c3 Nf6 4. d4 Nxe4 5. d5 Ne7 6. Nxe5 Ng6 7. Nxg6 hxg6 8.
Bd3 Nf6 9. Bg5 Be7 10. Bxf6 Bxf6 11. O-O O-O 12. Nd2 d6 13. Qf3 Bd7 14. Qg3 Bh4
15. Qe3 Re8 16. Qd4 f5 17. f4 Bf6 18. Qf2 Qe7 19. Rae1 Qf7 20. Rxe8+ Bxe8 21.
Re1 a6 22. Bc4 Bd7 23. Nf3 Re8 24. Rxe8+ Qxe8 25. Qe2 Qxe2 26. Bxe2 b5 27. Kf2
Bc8 28. Nd4 Kf7 29. g3 g5 30. fxg5 Bxg5 31. Bd3 g6 32. b3 Bf6 33. Ke3 Bb7 34.
c4 bxc4 35. Bxc4 Bxd4+ 36. Kxd4 Kf6 37. b4 Kg5 38. Be2 f4 39. h4+ Kf5 40. g4+
Kf6 41. Bf3 g5 42. h5 Bc8 43. Be2 Bd7 44. Bf3 Kg7 45. Kc3 Kf6 1/2-1/2

[Event "Russian Championship B17 1st league 2016"]
[Site "Loo"]
[Date "2016.04.21"]
[Round "2.13"]
[White "Smorchkov, Danil"]
[Black "Gavrik, Aleksandr"]
[Result "1-0"]
[WhiteElo "2017"]
[BlackElo "1736"]
[PlyCount "65"]
[EventDate "2016.04.20"]

1. d4 d5 2. c4 c6 3. Nf3 Nf6 4. Nc3 e6 5. e3 Bd6 6. b3 O-O 7. Bd3 Nbd7 8. O-O
a6 9. Bb2 b5 10. Rc1 Bb7 11. Qe2 Rc8 12. e4 dxe4 13. Nxe4 Bb8 14. Nc5 Nxc5 15.
dxc5 Qe7 16. Rfd1 Rcd8 17. Ne5 b4 18. Qe3 Nh5 19. Qh3 Qg5 20. f4 Qh6 21. Ng4
Qxf4 22. Qxh5 f5 23. Nf2 Ba7 24. Qf3 Qxf3 25. gxf3 Bxc5 26. Kg2 Bd6 27. c5 Bc7
28. Bc4 Kf7 29. Re1 Bc8 30. Rc2 g5 31. Rce2 Rfe8 32. Nd3 h5 33. Nxb4 1-0

[Event "Russian Championship B17 1st league 2016"]
[Site "Loo"]
[Date "2016.04.21"]
[Round "2.14"]
[White "Poltoratskiy, Aleksandr"]
[Black "Zabolotnov, Evgeny"]
[Result "1-0"]
[WhiteElo "1798"]
[BlackElo "2010"]
[PlyCount "120"]
[EventDate "2016.04.20"]

1. d4 d5 2. Nf3 Nf6 3. e3 c5 4. b3 Nc6 5. Bb2 Bg4 6. Be2 e6 7. O-O cxd4 8. Nxd4
Bxe2 9. Qxe2 Bd6 10. h3 Rc8 11. Rc1 O-O 12. c4 Qd7 13. Nd2 e5 14. cxd5 Nxd5 15.
Nxc6 Rxc6 16. Rxc6 Qxc6 17. Rc1 Qe8 18. Qd3 Qe6 19. Nc4 Bc7 20. Rd1 Nf6 21. Qc3
Re8 22. Qb4 Qc6 23. a4 g6 24. Rc1 Nd5 25. Qd2 Qe6 26. Ba3 Rd8 27. Qc2 Rc8 28.
Qd2 Rd8 29. Qc2 a6 30. Nd2 Bd6 31. Bxd6 Qxd6 32. Ne4 Qb4 33. Rd1 Kg7 34. Nc3
Qc5 35. Qb2 f6 36. e4 Qxc3 37. Qxc3 Nxc3 38. Rxd8 b5 39. axb5 axb5 40. f3 Kf7
41. Rd7+ Ke6 42. Rxh7 Kd6 43. Rh6 Kc5 44. Rxg6 Kb4 45. Rxf6 Kxb3 46. h4 b4 47.
h5 Kc4 48. h6 b3 49. Rc6+ Kb4 50. h7 b2 51. h8=Q b1=Q+ 52. Kh2 Nb5 53. Qxe5 Qe1
54. Qe7+ Ka5 55. e5 Qe3 56. Qf6 Qd3 57. Ra6+ Kb4 58. Qf4+ Kc3 59. Rc6+ Kb3 60.
Qe4 Qd2 1-0

[Event "Russian Championship B17 1st league 2016"]
[Site "Loo"]
[Date "2016.04.21"]
[Round "2.15"]
[White "Kirillov, Konstantin"]
[Black "Tsukhaev, Isa"]
[Result "1/2-1/2"]
[WhiteElo "2002"]
[BlackElo "1723"]
[PlyCount "80"]
[EventDate "2016.04.20"]

1. d4 d5 2. c4 e6 3. Nc3 Nf6 4. cxd5 exd5 5. Bg5 Nbd7 6. e3 Be7 7. Bd3 O-O 8.
Nf3 h6 9. Bh4 a6 10. O-O b5 11. Rc1 Bb7 12. Bb1 Rc8 13. a3 Ne4 14. Bxe7 Qxe7
15. Ne2 c5 16. dxc5 Rxc5 17. Rxc5 Ndxc5 18. Ned4 Na4 19. Qb3 Rc8 20. Rd1 Qc5
21. Bd3 Nd6 22. h3 Nc4 23. Bxc4 Qxc4 24. Qxc4 dxc4 25. Rd2 c3 26. bxc3 Rxc3 27.
Ra2 Rc1+ 28. Kh2 Bd5 29. Rd2 Bc4 30. Ne5 Rc3 31. Nxc4 bxc4 32. Rc2 Rxc2 33.
Nxc2 f5 34. Kg3 g5 35. f4 Kf7 36. Kf3 Nc3 37. g4 Na4 38. Na1 Nc3 39. Nc2 Na4
40. Na1 Nc3 1/2-1/2

[Event "Russian Championship B17 1st league 2016"]
[Site "Loo"]
[Date "2016.04.21"]
[Round "2.16"]
[White "Slastikhin, Vladislav"]
[Black "Makarenko, Aleksandr"]
[Result "0-1"]
[WhiteElo "1658"]
[BlackElo "1987"]
[PlyCount "40"]
[EventDate "2016.04.20"]

1. d4 Nf6 2. c4 g6 3. Nc3 Bg7 4. e4 d6 5. Bd3 O-O 6. Nge2 c5 7. d5 e6 8. O-O
exd5 9. exd5 a6 10. Bf4 Nh5 11. Be3 Nd7 12. Qd2 Ne5 13. Rad1 f5 14. Bg5 Qc7 15.
Nf4 Nxf4 16. Bxf4 Re8 17. Rfe1 Bd7 18. Bh6 Bxh6 19. Qxh6 Nxd3 20. Rxe8+ Rxe8
0-1

[Event "Russian Championship B17 1st league 2016"]
[Site "Loo"]
[Date "2016.04.21"]
[Round "2.17"]
[White "Spiridonov, Vladislav"]
[Black "Nerushev, Arseniy"]
[Result "0-1"]
[WhiteElo "1591"]
[BlackElo "1982"]
[PlyCount "48"]
[EventDate "2016.04.20"]

1. e4 c5 2. Nf3 d6 3. d4 cxd4 4. Nxd4 Nf6 5. Nc3 a6 6. Be2 e5 7. Nb3 Be7 8. O-O
Be6 9. f4 Qc7 10. f5 Bc4 11. Be3 Nbd7 12. Qd2 b5 13. Rf3 b4 14. Nd5 Bxd5 15.
exd5 Nb6 16. Qxb4 Nbxd5 17. Qa4+ Qd7 18. Qc4 Nxe3 19. Rxe3 O-O 20. Rf1 Qa7 21.
Qd3 Nd5 22. Qxd5 Qxe3+ 23. Rf2 Rac8 24. c3 Bd8 0-1

[Event "Russian Championship B17 1st league 2016"]
[Site "Loo"]
[Date "2016.04.21"]
[Round "2.18"]
[White "Ofitserian, Boris"]
[Black "Malyshev, Kirill"]
[Result "1-0"]
[WhiteElo "2313"]
[BlackElo "1628"]
[PlyCount "71"]
[EventDate "2016.04.20"]

1. d4 c5 2. d5 e5 3. c4 d6 4. Nc3 f5 5. e4 Nf6 6. Bg5 Be7 7. exf5 Bxf5 8. Bxf6
Bxf6 9. Nge2 O-O 10. Ng3 Bg6 11. Be2 Qb6 12. Qd2 Na6 13. O-O Nb4 14. Nge4 Be7
15. Bg4 Bf5 16. Bxf5 Rxf5 17. a3 Na6 18. Rab1 Rc8 19. Rfe1 Rcf8 20. b4 cxb4 21.
axb4 Nxb4 22. Na4 Qd8 23. Rxb4 b6 24. Nac3 Qe8 25. Ra4 Qg6 26. Rxa7 Bh4 27. Re2
Bg5 28. Qd3 Bf4 29. Qh3 Kh8 30. g3 h5 31. Rd7 Ra8 32. Rxd6 Ra1+ 33. Kg2 Qf7 34.
Rd8+ Kh7 35. Nd6 Qf6 36. Qxf5+ 1-0

[Event "Russian Championship B17 1st league 2016"]
[Site "Loo"]
[Date "2016.04.21"]
[Round "2.19"]
[White "Chudinov, Igor"]
[Black "Spiridonov, Evgeny"]
[Result "0-1"]
[WhiteElo "1936"]
[BlackElo "2057"]
[PlyCount "76"]
[EventDate "2016.04.20"]

1. d4 d5 2. c4 e6 3. e3 Nf6 4. Bd3 Be7 5. Ne2 O-O 6. O-O b6 7. b3 Bb7 8. Bb2
Nbd7 9. Nbc3 c5 10. Qd2 Qc7 11. Nb5 Qc6 12. f3 dxc4 13. bxc4 a6 14. Nbc3 cxd4
15. exd4 Rfd8 16. Ne4 Rac8 17. Rac1 Nf8 18. Nxf6+ Bxf6 19. Be4 Qc7 20. Rfd1 h6
21. g3 Bg5 22. Nf4 e5 23. h4 Bxf4 24. gxf4 exd4 25. Bxb7 Qxb7 26. Qf2 Ne6 27.
Bxd4 Nxd4 28. Rxd4 Rxd4 29. Qxd4 Qxf3 30. Qf2 Qg4+ 31. Kf1 Qh3+ 32. Kg1 Re8 33.
Re1 Rxe1+ 34. Qxe1 Qg4+ 35. Kh1 Qxf4 36. Qb4 Qxh4+ 37. Kg2 Qg5+ 38. Kf3 Qc5 0-1

[Event "Russian Championship B17 1st league 2016"]
[Site "Loo"]
[Date "2016.04.21"]
[Round "2.20"]
[White "Valov, Eugeny"]
[Black "Tsurtsumiya, Ruslan"]
[Result "1-0"]
[WhiteElo "1970"]
[BlackElo "1549"]
[PlyCount "65"]
[EventDate "2016.04.20"]

1. e4 c5 2. Nf3 d6 3. d4 cxd4 4. Nxd4 Nf6 5. Nc3 a6 6. a4 Nc6 7. Be2 e6 8. O-O
Be7 9. Be3 Qc7 10. f4 Bd7 11. Nb3 h6 12. a5 O-O 13. Bf3 Rfd8 14. Bb6 Qc8 15.
Bxd8 Qxd8 16. Qd2 Rc8 17. Na4 Qc7 18. Rfd1 Rd8 19. c4 Be8 20. Nb6 Nd7 21. Nxd7
Bxd7 22. Kh1 Be8 23. Qf2 Bf6 24. Rd2 Nb4 25. Qb6 Qxc4 26. e5 Bh4 27. Rd4 Qxb3
28. Rxb4 Qc2 29. exd6 Rc8 30. Bxb7 Rc5 31. Be4 Qf2 32. Qb8 Kf8 33. d7 1-0

[Event "Russian Championship B17 1st league 2016"]
[Site "Loo"]
[Date "2016.04.21"]
[Round "2.21"]
[White "Tchebalkin, Evgeny"]
[Black "Miziuk, Anton"]
[Result "1-0"]
[WhiteElo "1945"]
[BlackElo "1528"]
[PlyCount "69"]
[EventDate "2016.04.20"]

1. d4 Nf6 2. Nf3 g6 3. g3 Bg7 4. Bg2 O-O 5. O-O d5 6. Nbd2 Nc6 7. e3 Ne4 8. c4
e6 9. cxd5 exd5 10. Nxe4 dxe4 11. Nd2 f5 12. b3 Qg5 13. Ba3 Rd8 14. Rc1 h5 15.
h4 Qh6 16. b4 a6 17. Qb3+ Kh8 18. Bb2 g5 19. hxg5 Qxg5 20. d5 Ne5 21. Rxc7 Rg8
22. Rxg7 Qxg7 23. Nc4 Kh7 24. Bxe5 Qg6 25. Bf4 h4 26. Ne5 Qg7 27. Rc1 hxg3 28.
Bxg3 Re8 29. d6 Be6 30. Qd1 Rad8 31. Qh5+ Qh6 32. Rc7+ Bd7 33. Qxf5+ Kg8 34.
Qf7+ Kh8 35. Ng6+ 1-0

[Event "Russian Championship B17 1st league 2016"]
[Site "Loo"]
[Date "2016.04.21"]
[Round "2.22"]
[White "Revutskiy, Svyatoslav"]
[Black "Veklich, Igor"]
[Result "0-1"]
[WhiteElo "1734"]
[BlackElo "1914"]
[PlyCount "70"]
[EventDate "2016.04.20"]

1. e4 c5 2. c3 Nf6 3. e5 Nd5 4. d4 cxd4 5. Nf3 Nc6 6. Bc4 Nb6 7. Bb3 d5 8. cxd4
Bg4 9. Nc3 e6 10. h3 Bh5 11. g4 Bg6 12. O-O Be7 13. Bc2 Bxc2 14. Qxc2 g5 15.
Be3 h5 16. Kg2 Nc4 17. b3 Na3 18. Qc1 Qa5 19. Nxg5 hxg4 20. hxg4 Rg8 21. f4
O-O-O 22. Kf3 Kb8 23. Nxf7 Rdf8 24. Nd6 Bxd6 25. exd6 e5 26. b4 Qxb4 27. Nxd5
Qxd6 28. Qc5 Qg6 29. Rg1 exd4 30. Bxd4 Qd3+ 31. Be3 Nb5 32. Rad1 Nbd4+ 33. Kg3
Rxg4+ 34. Kh3 Rh8+ 35. Kxg4 Qg6# 0-1

[Event "Russian Championship B17 1st league 2016"]
[Site "Loo"]
[Date "2016.04.21"]
[Round "2.23"]
[White "Sokolov, Ilia"]
[Black "Voinikonis, Nikita"]
[Result "0-1"]
[WhiteElo "1764"]
[BlackElo "2168"]
[PlyCount "78"]
[EventDate "2016.04.20"]

1. Nf3 d5 2. g3 Nf6 3. Bg2 c6 4. O-O Bg4 5. d4 Nbd7 6. c4 e6 7. Bf4 Be7 8. Qb3
Qb6 9. Nbd2 O-O 10. c5 Qa6 11. e4 Nxe4 12. Nxe4 dxe4 13. Nd2 e5 14. Bxe5 Nxe5
15. dxe5 Bxc5 16. Nxe4 Bd4 17. Rfe1 Qb6 18. Qxb6 axb6 19. h3 Be6 20. Nd6 Bxb2
21. Rab1 Rxa2 22. Re2 Bd4 23. Rxa2 Bxa2 24. Rd1 Bxe5 25. Nxb7 c5 26. Nd8 Bf6
27. Nc6 Rc8 28. Rd6 Kf8 29. Na7 Ra8 30. Nc6 Re8 31. Rd7 b5 32. Bd5 Bxd5 33.
Rxd5 Re1+ 34. Kg2 Rc1 35. Rd7 g6 36. Rc7 Rc3 37. Na7 b4 38. Nb5 Rc2 39. Nd6 Be5
0-1

[Event "Russian Championship B17 1st league 2016"]
[Site "Loo"]
[Date "2016.04.21"]
[Round "2.24"]
[White "Vasilenok, Anton"]
[Black "Sambyla, Subuday"]
[Result "1-0"]
[WhiteElo "2159"]
[BlackElo "1722"]
[PlyCount "79"]
[EventDate "2016.04.20"]

1. e4 c6 2. d4 d5 3. e5 Bf5 4. Nf3 e6 5. Be2 Nd7 6. Be3 c5 7. O-O cxd4 8. Nxd4
Bg6 9. f4 Bc5 10. f5 Bxd4 11. Qxd4 Bxf5 12. Nc3 a6 13. Nxd5 Ne7 14. Bg5 Nc6 15.
Qe3 Qa5 16. c4 Bg6 17. b4 Nxb4 18. Nxb4 Qxb4 19. Kh1 O-O 20. Rad1 Nb6 21. a3
Qa5 22. Be7 Na4 23. Bxf8 Rxf8 24. Bf3 Nc3 25. Rc1 Na2 26. Ra1 Nc3 27. Bxb7 Rb8
28. Bf3 Rc8 29. Qd4 Rxc4 30. Qxc4 h6 31. Rac1 Nb5 32. Be4 Nxa3 33. Qc8+ Kh7 34.
Bxg6+ Kxg6 35. Qc7 Qd2 36. Qxf7+ Kh7 37. Rc7 Qg5 38. Qxe6 Nb5 39. Rc8 h5 40.
Qg8+ 1-0

[Event "Russian Championship B17 1st league 2016"]
[Site "Loo"]
[Date "2016.04.21"]
[Round "2.25"]
[White "Kavyev, Emil"]
[Black "Azimov, Ilyas"]
[Result "0-1"]
[WhiteElo "1699"]
[BlackElo "2154"]
[PlyCount "114"]
[EventDate "2016.04.20"]

1. e4 c5 2. Nf3 d6 3. d4 cxd4 4. Nxd4 Nf6 5. Nc3 a6 6. Be3 e5 7. Nb3 Be7 8. Nd5
Nxd5 9. Qxd5 Nc6 10. O-O-O Qc7 11. Qd2 a5 12. Qc3 Be6 13. Bc4 Bxc4 14. Qxc4 a4
15. Nd2 O-O 16. a3 Ra5 17. f4 b5 18. Qc3 exf4 19. Bxf4 Bf6 20. Qd3 Be5 21. g3
Rc8 22. Nf3 b4 23. Bxe5 dxe5 24. Qd7 bxa3 25. bxa3 Rc5 26. Qxc7 Rxc7 27. Rd5
Rc3 28. Nxe5 g6 29. Nd7 Kg7 30. Kb2 Re3 31. Nc5 Na5 32. Ne6+ fxe6 33. Rxa5 Rxe4
34. Rb5 Re2 35. Rc1 Rxh2 36. Rb4 h5 37. Rxa4 Rg2 38. Re4 Rxg3 39. Rxe6 h4 40.
c4 h3 41. Re2 Rb7+ 42. Ka2 Ra7 43. Rcc2 Rgxa3+ 44. Kb2 g5 45. c5 g4 46. Re4
Ra2+ 47. Kc1 h2 48. Rxg4+ Kf6 49. Rh4 Ra1+ 50. Kd2 h1=Q 51. Rxh1 Rxh1 52. Kd3
Ra4 53. Rf2+ Ke6 54. Rf8 Rh3+ 55. Kc2 Ra2+ 56. Kb1 Rg2 57. Rf1 Rhh2 0-1

[Event "Russian Championship B17 1st league 2016"]
[Site "Loo"]
[Date "2016.04.21"]
[Round "2.26"]
[White "Anchutin, Nikita"]
[Black "Getman, Dmitriy"]
[Result "1/2-1/2"]
[WhiteElo "2142"]
[BlackElo "1716"]
[PlyCount "118"]
[EventDate "2016.04.20"]

1. d4 d5 2. Nf3 Nf6 3. g3 Bf5 4. Bg2 e6 5. O-O Bd6 6. c4 c6 7. Nc3 Nbd7 8. Nd2
O-O 9. e4 dxe4 10. Ndxe4 Nxe4 11. Nxe4 Bxe4 12. Bxe4 Nf6 13. Bg2 e5 14. d5 cxd5
15. cxd5 Qd7 16. Qb3 h6 17. Bd2 Rfc8 18. Bc3 Re8 19. Rfe1 a6 20. Rad1 Rac8 21.
Rd2 Re7 22. Rde2 Rce8 23. a4 b5 24. axb5 axb5 25. Ra1 b4 26. Be1 Qb7 27. Rc2
Rc7 28. Rc6 Rxc6 29. dxc6 Qb6 30. Rc1 e4 31. Qe3 Qxe3 32. fxe3 Rc8 33. Bf1 Ng4
34. Bh3 h5 35. Bxg4 hxg4 36. Rc4 f5 37. Kf1 Kf7 38. Ke2 Ke6 39. Bxb4 Bxb4 40.
Rxb4 Rxc6 41. Kd2 Rd6+ 42. Kc2 Rc6+ 43. Kb3 Rd6 44. Rc4 Rd5 45. Rc3 Rd2 46. Ka3
Rxh2 47. b4 Rh8 48. b5 g5 49. Rc6+ Kd5 50. Kb4 f4 51. Rc5+ Kd6 52. gxf4 gxf4
53. exf4 Rg8 54. b6 g3 55. b7 Rb8 56. Rg5 Rxb7+ 57. Kc4 Rf7 58. Rg6+ Ke7 59.
Rxg3 Rxf4 1/2-1/2

[Event "Russian Championship B17 1st league 2016"]
[Site "Loo"]
[Date "2016.04.21"]
[Round "2.27"]
[White "Prorochenko, Nikita"]
[Black "Navrodskiy, Boris"]
[Result "1/2-1/2"]
[WhiteElo "1682"]
[BlackElo "2091"]
[PlyCount "101"]
[EventDate "2016.04.20"]

1. Nf3 d5 2. b3 Nf6 3. Bb2 g6 4. e3 Bg7 5. d4 O-O 6. Bd3 Bf5 7. O-O Nbd7 8. c4
c6 9. Nc3 Re8 10. Qc2 e6 11. Rfe1 Qc7 12. Rac1 Qd6 13. Rcd1 a6 14. Ne5 Bxd3 15.
Rxd3 b5 16. c5 Qc7 17. Nxd7 Nxd7 18. f4 f6 19. Rdd1 e5 20. g3 Re6 21. Re2 Rae8
22. Rde1 Kf7 23. b4 exd4 24. exd4 f5 25. Nb1 Re4 26. Qd3 Nf6 27. Nd2 Rxe2 28.
Rxe2 Rxe2 29. Qxe2 Ne4 30. Nf3 a5 31. Qe1 axb4 32. Qxb4 Qa7 33. a3 h6 34. Ne5+
Bxe5 35. fxe5 Ke6 36. Bc1 g5 37. Kg2 h5 38. Kf3 h4 39. Kg2 hxg3 40. hxg3 f4 41.
gxf4 gxf4 42. Bxf4 Qg7+ 43. Kf3 Kf5 44. Bd2 Qg1 45. Ke2 Ng3+ 46. Kd3 Qf1+ 47.
Kc2 Ke4 48. Qc3 Nf5 49. Kb2 Qe2 50. e6 Ne7 51. Kc2 1/2-1/2

[Event "Russian Championship B17 1st league 2016"]
[Site "Loo"]
[Date "2016.04.21"]
[Round "2.28"]
[White "Shcherbashin, Victor"]
[Black "Kostin, Ilya"]
[Result "1-0"]
[WhiteElo "2057"]
[BlackElo "1697"]
[PlyCount "167"]
[EventDate "2016.04.20"]

1. e4 e5 2. Nc3 Nf6 3. Nf3 Nc6 4. d4 exd4 5. Nxd4 Bb4 6. Nxc6 bxc6 7. Bd3 d5 8.
exd5 cxd5 9. O-O O-O 10. Bg5 c6 11. Qf3 Be7 12. h3 Re8 13. Rfe1 a5 14. Qe2 Bd7
15. Qf3 Rb8 16. b3 Bb4 17. Rxe8+ Bxe8 18. Ne2 Be7 19. Nd4 Bd7 20. Re1 h6 21.
Bh4 Rb7 22. c3 Kf8 23. Qe3 a4 24. b4 Ng8 25. Bg3 c5 26. bxc5 Bxc5 27. Ne6+ Bxe6
28. Qxc5+ Ne7 29. Qa3 Qd7 30. Bc2 Ra7 31. Bd6 Kg8 32. Bc5 Rb7 33. Bxa4 Qd8 34.
Bxe7 Qxe7 35. Qxe7 Rxe7 36. Bb5 Rc7 37. Rc1 Ra7 38. a4 Bd7 39. Kf1 Kf8 40. Rd1
Be6 41. Ke2 Ke7 42. Ke3 Kd6 43. Kd4 Ra8 44. Ra1 Ra5 45. f4 f6 46. c4 dxc4 47.
Bxc4 Bd7 48. Bb3 Bc6 49. g3 Bd7 50. h4 Bc6 51. Kc4 Kd7 52. Kb4 Ra8 53. a5 Rb8+
54. Kc4 Bb5+ 55. Kc5 Bc6 56. Ba4 Bxa4 57. Rxa4 Kc7 58. a6 Ra8 59. a7 g5 60.
hxg5 hxg5 61. fxg5 fxg5 62. Kd5 Kb7 63. Ke5 Re8+ 64. Kf5 Ka8 65. Kxg5 Rg8+ 66.
Kf4 Rf8+ 67. Ke3 Re8+ 68. Kf3 Rf8+ 69. Kg2 Rg8 70. g4 Rg7 71. Kg3 Rg8 72. Ra5
Rc8 73. g5 Rc1 74. Kg4 Rg1+ 75. Kf5 Rf1+ 76. Ke6 Re1+ 77. Kf6 Rf1+ 78. Kg7 Rg1
79. g6 Rg2 80. Kf6 Rf2+ 81. Rf5 Rg2 82. g7 Kxa7 83. Rg5 Rf2+ 84. Kg6 1-0

[Event "Russian Championship B17 1st league 2016"]
[Site "Loo"]
[Date "2016.04.21"]
[Round "2.29"]
[White "Petrenko, Kirill"]
[Black "Loskutov, Efrem"]
[Result "1-0"]
[WhiteElo "2050"]
[BlackElo "1673"]
[PlyCount "105"]
[EventDate "2016.04.20"]

1. d4 d5 2. Nf3 e6 3. c4 c6 4. Qc2 Nf6 5. g3 Bd6 6. Bg2 Nbd7 7. O-O O-O 8. Nbd2
Re8 9. Rd1 Qc7 10. e4 Nxe4 11. Nxe4 dxe4 12. Qxe4 Nf6 13. Qc2 c5 14. Bg5 Nd7
15. a3 h6 16. Be3 Nf6 17. Rab1 a5 18. dxc5 Bxc5 19. Bxc5 Qxc5 20. b4 Qh5 21.
Rbc1 e5 22. Nd2 Bf5 23. Ne4 Nxe4 24. Bxe4 Bxe4 25. Qxe4 axb4 26. axb4 Re7 27.
Rd6 Rc7 28. Rcd1 Qg5 29. Kg2 Rac8 30. c5 Qe7 31. R1d5 f6 32. Qg4 Rb8 33. b5 Qf8
34. b6 Rf7 35. Qd1 Re7 36. Rd8 Re8 37. R8d7 Re7 38. R7d6 Rc8 39. Qb3 Qf7 40.
Rd8+ Re8 41. R8d7 Qe6 42. R7d6 Qf7 43. Qb5 Qg6 44. Qc4 Qf7 45. c6 bxc6 46. Rxc6
Rb8 47. Rc7 Qe6 48. b7 Kh7 49. Qc2+ e4 50. Rdd7 Rg8 51. Re7 Qb6 52. Qxe4+ Kh8
53. Qg6 1-0